000 00261nam a22001217a 4500
008 180921b xxu||||| |||| 00| 0 eng d
041 _aeng
080 _a573
100 _a11
101 _aBIO
245 _aExotic aquarium fishes
_cInnes,W.T
942 _2udc
_cBK
999 _c48221
_d48221